Statistiken für Pokemon Generation 1 Deutsch

Klicken Sie hier um das Quiz zu spielen!

Allgemein

  • Dieses Quiz wurde 259 mal gespielt
  • Das Durchschnittsergebnis liegt bei 105 aus 151

Antwortstatistiken

TypPokemon% Korrekt
FeuerGlumanda
100%
Pflanze/GiftBisasam
98%
Feuer/FlugGlurak
97%
WasserSchiggy
96%
Pflanze/GiftBisaflor
95%
Pflanze/GiftBisaknosp
94%
FeuerGlutexo
93%
ElektroPikachu
93%
WasserSchillok
93%
Normal/FlugTaubsi
92%
WasserTurtok
92%
ElektroRaichu
89%
KäferRaupy
88%
Normal/FlugTauboss
88%
PsychoMew
87%
Normal/FlugTauboga
87%
Gestein/BodenKleinstein
86%
Käfer/GiftHornliu
84%
Käfer/FlugSmettbo
84%
Eis/FlugArktos
83%
NormalEvoli
83%
Drache/FlugDragoran
82%
Geist/GiftGengar
82%
WasserAquana
81%
DracheDratini
81%
FeuerFlamara
81%
Wasser/FlugGarados
81%
Elektro/FlugZapdos
81%
Gestein/BodenGeorok
80%
WasserKarpador
80%
Feuer/FlugLavados
80%
Normal/FeePummeluff
79%
NormalRattfratz
79%
PsychoSimsala
79%
PsychoAbra
78%
Käfer/GiftBibor
78%
Normal/FlugHabitak
78%
PsychoKadabra
78%
PsychoMewtu
78%
GiftNidoran
78%
NormalRattikarl
78%
ElektroBlitza
77%
Gestein/BodenGeowaz
77%
KäferSafcon
77%
BodenDigda
76%
Normal/FlugIbitak
76%
Käfer/GiftKokuna
76%
KampfMachomei
76%
Geist/GiftNebulak
76%
Gift/BodenNidoking
76%
Gift/BodenNidoqueen
76%
KampfKicklee
75%
KampfMachollo
75%
Gestein/BodenOnix
75%
BodenDigdri
74%
DracheDragonir
74%
Elektro/StahlMagneton
74%
GiftNidorina
74%
GiftNidorino
73%
FeePixi
73%
GiftArbok
72%
ElektroElektek
72%
KampfMaschock
72%
NormalRelaxo
72%
GiftRettan
72%
Gift/FlugZubat
72%
Geist/GiftAlpollo
71%
Elektro/StahlMagnetilo
71%
KampfNockchan
71%
GiftSmogon
70%
Gestein/FlugAerodactyl
68%
FeuerArkani
68%
Pflanze/GiftDuflor
68%
WasserEnton
68%
FeuerFukano
68%
Gift/FlugGolbat
68%
Normal/FeeKnuddeluff
68%
FeuerMagmar
68%
GiftSmogmog
68%
ElektroVoltobal
68%
PsychoHypno
67%
Pflanze/GiftKnofensa
67%
FeePiepi
67%
WasserQuapsel
67%
Wasser/PsychoStarmie
67%
WasserSterndu
67%
FeuerVulpix
67%
Pflanze/GiftGiflor
66%
Wasser/KampfQuappo
66%
WasserQuaputzi
66%
Wasser/GiftTentacha
66%
Wasser/EisLapras
65%
Pflanze/GiftMyrapla
65%
WasserEntoron
64%
Wasser/GiftTentoxa
64%
PsychoTraumato
64%
WasserGoldini
63%
Gestein/WasserKabuto
63%
ElektroLektrobal
63%
NormalMauzi
63%
BodenSandan
63%
Käfer/FlugSichlor
63%
FeuerVulnona
63%
FeuerPonita
62%
Eis/PsychoRossana
62%
GiftSleimok
62%
Gestein/WasserKabutops
61%
BodenSandamer
61%
GiftSleima
61%
WasserJurob
60%
Normal/FlugDodri
59%
FeuerGallopa
59%
WasserMuschas
59%
PsychoPantimos
59%
Pflanze/GiftSarzenia
59%
NormalTauros
59%
WasserGolking
58%
Wasser/EisJugong
58%
KampfMenki
58%
Boden/GesteinRihorn
58%
Pflanze/GiftUltrigaria
58%
NormalDitto
57%
Normal/FlugDodu
57%
Käfer/PflanzeParas
57%
Wasser/EisAustos
56%
KampfRasaff
56%
NormalSnobilikat
56%
Gestein/WasserAmonitas
55%
NormalChaneira
55%
NormalKangama
55%
Pflanze/PsychoOwei
55%
Pflanze/PsychoKokowei
54%
Käfer/PflanzeParasek
54%
Boden/GesteinRizeros
54%
Gestein/WasserAmoroso
53%
Wasser/PsychoFlegmon
53%
KäferPinsir
53%
WasserKrabby
52%
Käfer/GiftOmot
52%
Käfer/GiftBluzuk
51%
WasserSeeper
51%
WasserKingler
50%
Wasser/PsychoLahmus
50%
Normal/FlugPorenta
49%
NormalPorygon
49%
PflanzeTangela
49%
BodenKnogga
47%
WasserSeemon
47%
BodenTragosso
45%
NormalSchlurp
44%

Verteilung der Resultate

Perzentil nach korrekt beantworteten Fragen

Anzahl Personen mit jedem Resultat

Ihre Resultats-Entwicklung

Sie haben dieses Quiz noch nicht gespielt